| 000 | 00584nam a22001937a 4500 | ||
|---|---|---|---|
| 005 | 20251108171736.0 | ||
| 008 | 250721s2000 xx 000 0 ara d | ||
| 082 | 1 | 4 | _a005.13/شلب |
| 100 | 1 | _aشلبايه، مراد | |
| 245 | 1 | 0 | _aالبرمجة بلغة فيجوال بيسك / |
| 264 | 1 |
_aعمان : _bدار المسيرة للنشر و التوزيع، _c2000. |
|
| 300 | _aج | ||
| 650 | 1 | 7 | _aلغات البرمجة |
| 650 | 1 | 7 | _aبرمجة الحاسوب |
| 650 | 1 | 7 | _aالحواسيب |
| 700 | 1 | _aأبو مغلي، وائل | |
| 942 |
_2ddc _cBK |
||
| 999 |
_c61329 _d61329 |
||